00322nam a2200121Ia 4500008004100000041000800041082001500049100001500064245003300079260004600112300003100158365001100189240624s9999 xx 000 0 und d aeng a346.07 KUM aKUMAR ANIL aCOMPANY AND COMPENSATION LAW c2012aNew DelhibInternational Book House avii, : 352 : p. : cm. ; 24 cRSb32